| 000 | 01405cgm a2200289 4500 | ||
|---|---|---|---|
| 008 | 090401t1991 xxu||||| |||| 00| 0 eng d | ||
| 020 | _a0947763503 | ||
| 035 | _a(Sirsi) u60954 | ||
| 041 | _aeng | ||
| 050 |
_a711.52 _c18 |
||
| 100 | _aTaylor, Tony | ||
| 245 |
_aUrban regeneration - planning and financial incentives _ba CPD study pack. |
||
| 260 |
_aReading _bCollege of Estate Management _c1991 |
||
| 300 |
_av, 26p. _c30cm. |
||
| 350 | _a0 | ||
| 490 | _aCollege of Estate Management CPD Study Pack | ||
| 520 | _aThis pack deals with the initiatives being taken by government to encourage the regeneration of run-down urban areas, together with the planning and financial incentives that have been made available to the private sector. It attempts to draw together the separate threads of a seemingly ad hoc pattern in order to provide a coherent picture. It deals specifically with Urban Development Corporations, Enterprise Zones, Simplified Planning Zones and City Grants. | ||
| 520 | _aAccompanied by the Owlion Audio Presentation entitled "City grant" (B3264) which is available to borrow seperately. | ||
| 520 | _aWithdrawn September 2007. | ||
| 650 | _aGRANTS | ||
| 650 | _aINNER CITY REDEVELOPMENT | ||
| 690 | _aREGENERATION | ||
| 710 |
_aCollege of Estate Management _9400 |
||
| 710 |
_aRoyal Institution of Chartered Surveyors _94900 |
||
| 942 | _n0 | ||
| 948 | _c04/03/1997 | ||
| 999 |
_c85318 _d85318 |
||